Films by Picture #3 - Statistics

General Stats
  • This quiz has been taken 92 times
    55 since last reset
  • The average score is 4 of 15
Answer Stats
Picture Answer % Correct
North by Northwest
65%
The Sting
65%
Bird Box
52%
Blue Velvet
35%
M*A*S*H
35%
Platoon
30%
The Texas Chainsaw Massacre
28%
Rocky
20%
The Deer Hunter
20%
A Streetcar Named Desire
15%
Stagecoach
13%
Gone with the Wind
9%
Midnight Cowboy
2%
Vanishing Point
2%
On The Waterfront
0%
No matching quizzes found
Score Distribution
Percent of People with Each Score
Percentile by Number Answered
Your Score History
You have not taken this quiz since the last reset